00479cam a22001217a 4500008004000000082002100040100005200061245013600113260005000249300000900299500002400308700002500332180718b1967 xxu||||| |||| 00| 0 eng d aB706x42 Un3/Me/1 aRoyal Commission on Local Government in England aRoyal Commission on Local Government in England: minutes of evidence 1 (19th January 1967), witness: Department of Economic Affairs aLondonbHer Majesty's Stationery Officec1967 a20p. aChairman: John Maud aMaud, John, Chairman